Economic Functions of Islamic State (the Early Experience) (Record no. 6372)

MARC details
000 -LEADER
fixed length control field 00641nam a2200241 a 4500
020 ## - INTERNATIONAL STANDARD BOOK NUMBER
ISBN 0860372
082 00 - DEWEY DECIMAL CLASSIFICATION NUMBER
Classification number 330.10297
Author Cutter HAS
100 ## - MAIN ENTRY--AUTHOR NAME
Author name Hasanuz Zaman, S M
245 ## - TITLE STATEMENT
Title Economic Functions of Islamic State (the Early Experience)
260 ## - PUBLICATION, DISTRIBUTION, ETC. (IMPRINT)
Place of publication U K
Name of publisher Islamic Foundation
Year of publication 1981
300 ## - PHYSICAL DESCRIPTION
Number of Pages 392p
500 ## - GENERAL NOTE
General note includes index and biblioraphy
505 2# - FORMATTED CONTENTS NOTE
Formatted contents note Index
650 ## - SUBJECT ADDED ENTRY--TOPICAL TERM
Topical Term Economics-Religious Aspect-Islam
942 ## - ADDED ENTRY ELEMENTS (KOHA)
Koha item type Books
700 1# -
-- Hasanuz Zaman, S M
Holdings
Collection code Home library Current library Date acquired Cost, normal purchase price Full call number Accession Number Koha item type
  Henry Martyn Institute Library Henry Martyn Institute Library 04/25/2007 100.00 330.10297 HAS 014338 Books
                   Copyright © 2026 | Henry Martyn Institute | Hyderabad | TS-500052 | INDIA | Implemented by hmi.edu.in
Hit-Count:

Powered by Koha